| 000 | 01422nam0a2200313 4500 | ||
|---|---|---|---|
| 001 | RU\NLR\bibl\1079635 | ||
| 005 | 20260406132347.0 | ||
| 010 |
_a978-5-902879-06-0 _93000 |
||
| 021 |
_aRU _b2007-19099 _91014 |
||
| 035 | _a(NLR Aleph) 001066822 | ||
| 090 |
_a973495 _c973495 |
||
| 100 | _a20070502d2007 |||y0rusy50 ca | ||
| 101 | 1 | _arus | |
| 102 | _aRU | ||
| 105 | _aa ||||||||| | ||
| 200 | 1 |
_aПоэзия народов Кавказа в переводах Беллы Ахмадулиной _e[сборник _fсост. Б. Мессерер и др.] |
|
| 210 |
_aМосква _cДедалус _d2007 |
||
| 215 |
_a470,[1] с. _cил. _d21 |
||
| 327 | 1 | _aСодерж.: Разд.: Из грузинской поэзии; Из армянской поэзии; Из абхазской поэзии; Из балкарской поэзии; Белла Ахмадулина. Речь и речь нерасторжимы... | |
| 686 | _aШ6(2=Р)75-57 | ||
| 686 | _aШ6(24)-5я43{Лх-кавк.292-75} | ||
| 702 | 1 |
_4220 _8rus _7ca _aМессерер _bБ. А. _cхудожник _f1933- _gБорис Асафович _3RU\NLR\auth\7793560 _976486 |
|
| 702 | 1 |
_4730 _8rus _7ca _aАхмадулина _bБ. А. _f1937-2010 _gБелла Ахатовна _3RU\NLR\auth\771853 _9111871 |
|
| 801 | 0 |
_aRU _bNLR _c20070502 _gRCR |
|
| 801 | 1 |
_aRU _bNLR _c20070502 |
|
| 942 | _cBOOK | ||
| 980 | _aNB | ||